|
|
|
|
| LEADER |
01647nam a2200433 a 4500 |
| 001 |
EBC668264 |
| 003 |
MiAaPQ |
| 005 |
20200520144314.0 |
| 006 |
m o d | |
| 007 |
cr cn||||||||| |
| 008 |
100528s2011 enkad sb 001 0 eng d |
| 010 |
|
|
|z 2010021806
|
| 020 |
|
|
|z 041558986X (hbk : alk. paper)
|
| 020 |
|
|
|z 9780415589871 (pbk : alk. paper)
|
| 020 |
|
|
|z 0415589878 (pbk : alk. paper)
|
| 020 |
|
|
|z 9780415589864
|
| 020 |
|
|
|a 0203839498 (electronic bk.)
|
| 020 |
|
|
|a 9780203839492 (electronic bk.)
|
| 035 |
|
|
|a (MiAaPQ)EBC668264
|
| 035 |
|
|
|a (Au-PeEL)EBL668264
|
| 035 |
|
|
|a (CaPaEBR)ebr10480640
|
| 035 |
|
|
|a (CaONFJC)MIL315148
|
| 035 |
|
|
|a (OCoLC)797918190
|
| 040 |
|
|
|a MiAaPQ
|c MiAaPQ
|d MiAaPQ
|
| 050 |
|
4 |
|a HB131
|b .M335 2011
|
| 082 |
0 |
4 |
|a 330.01/5195
|2 22
|
| 100 |
1 |
|
|a Maki, Atsushi,
|d 1948-
|
| 245 |
1 |
0 |
|a Introduction to estimating economic models
|h [electronic resource] /
|c Atsushi Maki.
|
| 260 |
|
|
|a Abingdon, Oxon ;
|a New York, N.Y. :
|b Routledge,
|c 2011.
|
| 300 |
|
|
|a xvii, 204 p. :
|b ill.
|
| 490 |
1 |
|
|a Routledge advanced texts in economics and finance ;
|v 14
|
| 504 |
|
|
|a Includes bibliographical references and index.
|
| 533 |
|
|
|a Electronic reproduction. Ann Arbor, MI : ProQuest, 2015. Available via World Wide Web. Access may be limited to ProQuest affiliated libraries.
|
| 650 |
|
0 |
|a Economics
|x Methodology.
|
| 650 |
|
0 |
|a Economics
|x Econometric models.
|
| 655 |
|
4 |
|a Electronic books.
|
| 710 |
2 |
|
|a ProQuest (Firm)
|
| 830 |
|
0 |
|a Routledge advanced texts in economics and finance ;
|v 14.
|
| 856 |
4 |
0 |
|u https://ebookcentral.proquest.com/lib/matrademy/detail.action?docID=668264
|z Click to View
|